| 000 | 00726nam a22002297a 4500 | ||
|---|---|---|---|
| 999 |
_c11505 _d11505 |
||
| 001 | 11505 | ||
| 003 | BD-JhCC | ||
| 005 | 20191019091303.0 | ||
| 008 | 191018b 2009bg |||| ||a| 000 0 ben d | ||
| 020 | _a9847015600945 | ||
| 035 | _a(BD-JhCC)11505 | ||
| 040 |
_aBD-JhCC _dBD-JhCC |
||
| 041 | _aben | ||
| 082 |
_a891.4435 _bMIL 2009 |
||
| 100 | _aমিলন, ইমদাদুল হক | ||
| 245 |
_aশ্রেষ্ঠ গল্প / _cইমদাদুল হক মিলন । |
||
| 260 |
_aঢাকা: _bমাওলা ব্রাদার্স; _c২০০৯. |
||
| 300 |
_a৩৭৫ পৃ. : _c২২ সেমি. |
||
| 650 | _a Short story, Bengali | ||
| 942 |
_2ddc _cBK |
||